[Event "Russian Women's Higher League 2021"]
[Site "?"]
[Date "2021.06.30"]
[Round "5.5"]
[White "Garifullina, Leya"]
[Black "Girya, Olga"]
[Result "1/2-1/2"]
[WhiteElo "2399"]
[BlackElo "2448"]
[Annotator ""]
[Source ""]
[Remark ""]

1.e4 {[%clk 1:30:50]} c6 {[%clk 1:30:55]} 2.d4 {[%clk 1:31:08]}
d5 {[%clk 1:31:19]} 3.e5 {[%clk 1:31:10]} Bf5 {[%clk 1:31:38]}
4.Nf3 {[%clk 1:30:53]} e6 {[%clk 1:31:56]} 5.Be2 {[%clk 1:31:13]}
Ne7 {[%clk 1:32:06]} 6.O-O {[%clk 1:31:31]} Bg6 {[%clk 1:31:58]}
7.Nbd2 {[%clk 1:31:27]} c5 {[%clk 1:29:18]} 8.c4 {[%clk 1:30:47]}
cxd4 {[%clk 1:24:27]} 9.Nxd4 {[%clk 1:29:49]} Nec6 {[%clk 1:24:49]}
10.N2f3 {[%clk 1:29:58]} dxc4 {[%clk 1:19:39]} 11.Bxc4 {[%clk 1:29:15]}
Be7 {[%clk 1:19:42]} 12.Be3 {[%clk 1:29:28]} O-O {[%clk 1:19:52]}
13.Rc1 {[%clk 1:29:20]} Bh5 {[%clk 1:18:46]} 14.Qa4 {[%clk 1:28:48]}
Nd7 {[%clk 1:03:31]} 15.Nxc6 {[%clk 1:27:03]} bxc6 {[%clk 1:02:18]}
16.Qxc6 {[%clk 1:27:04]} Bxf3 {[%clk 1:01:08]} 17.Qxf3 {[%clk 1:27:07]}
Nxe5 {[%clk 1:01:35]} 18.Qe2 {[%clk 1:27:26]} Nxc4 {[%clk 1:02:01]}
19.Rxc4 {[%clk 1:27:49]} Qa5 {[%clk 0:47:48]} 20.b3 {[%clk 1:27:40]}
Qb5 {[%clk 0:43:47]} 21.Qf3 {[%clk 1:18:58]} a5 {[%clk 0:35:01]}
22.g3 {[%clk 1:10:48]} a4 {[%clk 0:24:53]} 23.Rc7 {[%clk 1:05:12]}
Bf6 {[%clk 0:25:13]} 24.Bc5 {[%clk 0:57:52]} Rac8 {[%clk 0:20:04]}
25.bxa4 {[%clk 0:46:15]} Qa5 {[%clk 0:20:31]} 26.Bxf8 {[%clk 0:45:50]}
Rxc7 {[%clk 0:20:16]} 27.Bd6 {[%clk 0:46:00]} Rd7 {[%clk 0:08:53]}
28.Qc6 {[%clk 0:42:17]} Qd8 {[%clk 0:09:18]} 29.Bc5 {[%clk 0:38:40]}
Bd4 {[%clk 0:08:34]} 30.Bxd4 {[%clk 0:36:12]} Rxd4 {[%clk 0:09:02]}
31.Rb1 {[%clk 0:31:36]} h6 {[%clk 0:06:06]} 32.a5 {[%clk 0:27:16]}
Qxa5 {[%clk 0:05:26]} 33.Qe8+ {[%clk 0:23:55]} Kh7 {[%clk 0:05:52]}
34.Qxf7 {[%clk 0:24:13]} Qxa2 {[%clk 0:06:03]} 35.Re1 {[%clk 0:22:11]}
Re4 {[%clk 0:05:21]} 36.Rxe4 {[%clk 0:19:58]} Qb1+ {[%clk 0:05:47]}
37.Kg2 {[%clk 0:20:15]} Qxe4+ {[%clk 0:06:13]} 38.Kg1 {[%clk 0:20:39]}
Qe1+ {[%clk 0:06:35]} 39.Kg2 {[%clk 0:21:03]} Qe4+ {[%clk 0:07:02]}
40.Kg1 {[%clk 0:51:27]} Qe1+ {[%clk 0:37:27]} 1/2-1/2

[Event "Russian Women's Higher League 2021"]
[Site "?"]
[Date "2021.06.30"]
[Round "5.6"]
[White "Bodnaruk, Anastasia"]
[Black "Solozhenkina, Elizaveta"]
[Result "1-0"]
[WhiteElo "2446"]
[BlackElo "2306"]
[Annotator ""]
[Source ""]
[Remark ""]

1.e4 {[%clk 1:30:58]} e5 {[%clk 1:30:52]} 2.Nf3 {[%clk 1:29:49]}
Nc6 {[%clk 1:31:15]} 3.Bc4 {[%clk 1:26:21]} Bc5 {[%clk 1:31:29]}
4.d3 {[%clk 1:24:01]} Nf6 {[%clk 1:31:44]} 5.Bg5 {[%clk 1:23:40]}
h6 {[%clk 1:32:07]} 6.Bh4 {[%clk 1:24:06]} d6 {[%clk 1:32:29]}
7.O-O {[%clk 1:21:14]} g5 {[%clk 1:23:39]} 8.Bg3 {[%clk 1:21:15]}
Na5 {[%clk 1:18:12]} 9.Bb5+ {[%clk 1:13:17]} c6 {[%clk 1:18:25]}
10.Ba4 {[%clk 1:13:44]} b5 {[%clk 1:18:42]} 11.Bb3 {[%clk 1:14:10]}
Nxb3 {[%clk 1:11:30]} 12.axb3 {[%clk 1:14:37]} Bg4 {[%clk 1:11:51]}
13.c3 {[%clk 1:11:25]} Bb6 {[%clk 1:09:41]} 14.Nbd2 {[%clk 1:04:08]}
Nh5 {[%clk 1:05:06]} 15.d4 {[%clk 0:59:17]} Nxg3 {[%clk 0:56:07]}
16.fxg3 {[%clk 0:49:31]} exd4 {[%clk 0:54:56]} 17.Kh1 {[%clk 0:49:57]}
dxc3 {[%clk 0:37:57]} 18.bxc3 {[%clk 0:50:23]} Qd7 {[%clk 0:37:30]}
19.Qc2 {[%clk 0:44:10]} O-O-O {[%clk 0:36:20]} 20.b4 {[%clk 0:36:42]}
Kb8 {[%clk 0:24:48]} 21.c4 {[%clk 0:35:16]} Qe7 {[%clk 0:17:51]}
22.Qd3 {[%clk 0:30:08]} Bd7 {[%clk 0:07:09]} 23.Nd4 {[%clk 0:27:18]}
h5 {[%clk 0:07:08]} 24.Ra6 {[%clk 0:22:56]} Rc8 {[%clk 0:04:31]}
25.Rfa1 {[%clk 0:21:59]} Qd8 {[%clk 0:02:58]} 26.e5 {[%clk 0:17:52]}
Be6 {[%clk 0:01:36]} 27.Nxe6 {[%clk 0:16:33]} fxe6 {[%clk 0:02:05]}
28.exd6 {[%clk 0:16:45]} c5 {[%clk 0:01:50]} 29.Ne4 {[%clk 0:06:49]}
bxc4 {[%clk 0:02:04]} 30.Qxc4 {[%clk 0:07:08]} cxb4 {[%clk 0:02:23]}
31.Qb5 {[%clk 0:04:30]} Rh7 {[%clk 0:02:22]} 32.Qe5 {[%clk 0:04:58]}
Rb7 {[%clk 0:01:04]} 33.d7+ {[%clk 0:01:31]} Rcc7 {[%clk 0:01:33]}
34.Nf6 {[%clk 0:01:04]} b3 {[%clk 0:01:18]} 35.Rb1 {[%clk 0:01:07]}
Bf2 {[%clk 0:00:54]} 36.Rxe6 {[%clk 0:01:07]} b2 {[%clk 0:01:19]}
37.Re8 {[%clk 0:00:59]} a6 {[%clk 0:00:33]} 38.Rxd8+ {[%clk 0:01:26]}
Ka7 {[%clk 0:01:00]} 39.Ra8+ {[%clk 0:01:42]} 1-0

[Event "Russian Women's Higher League 2021"]
[Site "?"]
[Date "2021.06.30"]
[Round "5.7"]
[White "Shafigullina, Zarina"]
[Black "Galliamova, Alisa"]
[Result "1/2-1/2"]
[WhiteElo "2244"]
[BlackElo "2442"]
[Annotator ""]
[Source ""]
[Remark ""]

1.Nf3 {[%clk 1:30:48]} d5 {[%clk 1:30:52]} 2.g3 {[%clk 1:31:13]}
g6 {[%clk 1:30:56]} 3.Bg2 {[%clk 1:31:38]} Bg7 {[%clk 1:31:21]}
4.d4 {[%clk 1:32:04]} Nf6 {[%clk 1:31:45]} 5.O-O {[%clk 1:32:09]}
O-O {[%clk 1:32:01]} 6.c4 {[%clk 1:32:36]} dxc4 {[%clk 1:32:20]}
7.Na3 {[%clk 1:29:18]} Na6 {[%clk 1:32:24]} 8.Nxc4 {[%clk 1:26:02]}
c5 {[%clk 1:32:48]} 9.dxc5 {[%clk 1:23:31]} Nxc5 {[%clk 1:31:58]}
10.Be3 {[%clk 1:21:17]} Nce4 {[%clk 1:27:46]} 11.Nd4 {[%clk 1:15:21]}
b6 {[%clk 0:55:19]} 12.Nc6 {[%clk 0:50:15]} Qe8 {[%clk 0:48:27]}
13.N4e5 {[%clk 0:49:57]} Bb7 {[%clk 0:46:09]} 14.Rc1 {[%clk 0:50:15]}
Nd6 {[%clk 0:44:58]} 15.f4 {[%clk 0:39:19]} Nd7 {[%clk 0:40:10]}
16.Qb3 {[%clk 0:24:00]} Rc8 {[%clk 0:21:00]} 17.Nxa7 {[%clk 0:17:26]}
Rxc1 {[%clk 0:21:18]} 18.Rxc1 {[%clk 0:17:53]} Bxg2 {[%clk 0:21:26]}
19.Kxg2 {[%clk 0:18:05]} Bxe5 {[%clk 0:20:09]} 20.fxe5 {[%clk 0:17:40]}
Qa8+ {[%clk 0:17:11]} 21.Nc6 {[%clk 0:14:39]} Nxe5 {[%clk 0:16:14]}
22.Qd5 {[%clk 0:14:32]} Nxc6 {[%clk 0:16:08]} 23.Qxc6 {[%clk 0:14:08]}
Qxa2 {[%clk 0:15:24]} 24.Bh6 {[%clk 0:05:26]} Rb8 {[%clk 0:14:08]}
25.Qc7 {[%clk 0:05:02]} Qa8+ {[%clk 0:11:47]} 26.Kg1 {[%clk 0:05:25]}
Qb7 {[%clk 0:10:06]} 27.Qc3 {[%clk 0:03:06]} f6 {[%clk 0:08:09]}
28.Qb3+ {[%clk 0:02:45]} Nf7 {[%clk 0:07:46]} 29.Bf4 {[%clk 0:02:57]}
Rd8 {[%clk 0:05:43]} 30.Qe6 {[%clk 0:02:17]} Rd7 {[%clk 0:02:15]}
31.e4 {[%clk 0:02:36]} Kg7 {[%clk 0:01:53]} 32.e5 {[%clk 0:02:48]}
f5 {[%clk 0:01:41]} 33.Qb3 {[%clk 0:02:19]} Qd5 {[%clk 0:01:49]}
34.Qe3 {[%clk 0:01:14]} e6 {[%clk 0:01:54]} 35.Qxb6 {[%clk 0:00:53]}
g5 {[%clk 0:02:03]} 36.Be3 {[%clk 0:00:56]} Nxe5 {[%clk 0:02:24]}
37.Qc5 {[%clk 0:00:47]} Nf3+ {[%clk 0:02:02]} 38.Kf2 {[%clk 0:00:59]}
Qxc5 {[%clk 0:01:06]} 39.Rxc5 {[%clk 0:01:17]} Nxh2 {[%clk 0:01:19]}
40.Bxg5 {[%clk 0:31:19]} Ng4+ {[%clk 0:30:59]} 41.Ke2 {[%clk 0:29:45]}
Rb7 {[%clk 0:28:41]} 42.Bc1 {[%clk 0:27:33]} Nf6 {[%clk 0:19:39]}
43.Rc4 {[%clk 0:23:55]} Rb3 {[%clk 0:10:27]} 44.Rc3 {[%clk 0:23:59]}
Rxc3 {[%clk 0:10:06]} 45.bxc3 {[%clk 0:24:25]} Ne4 {[%clk 0:10:12]}
46.Kf3 {[%clk 0:23:54]} h5 {[%clk 0:09:00]} 47.Be3 {[%clk 0:22:27]}
e5 {[%clk 0:07:59]} 48.c4 {[%clk 0:22:51]} Kf6 {[%clk 0:08:03]}
49.Kg2 {[%clk 0:21:54]} Ke6 {[%clk 0:05:52]} 50.Kh3 {[%clk 0:21:58]}
Nd6 {[%clk 0:05:42]} 51.c5 {[%clk 0:20:38]} Ne4 {[%clk 0:04:08]}
52.Kh4 {[%clk 0:20:27]} Kd5 {[%clk 0:04:17]} 53.Bg1 {[%clk 0:12:00]}
Nxc5 {[%clk 0:04:33]} 54.Kxh5 {[%clk 0:12:25]} Ne6 {[%clk 0:01:57]}
55.Kg6 {[%clk 0:06:43]} Ke4 {[%clk 0:02:14]} 56.Ba7 {[%clk 0:06:27]}
Nd4 {[%clk 0:02:20]} 57.Bb8 {[%clk 0:05:16]} Nc2 {[%clk 0:01:14]}
58.Kf6 {[%clk 0:04:45]} Ne3 {[%clk 0:01:39]} 59.Ke6 {[%clk 0:04:31]}
Ng4 {[%clk 0:00:52]} 60.Bc7 {[%clk 0:04:40]} Kf3 {[%clk 0:00:46]}
61.Bxe5 {[%clk 0:03:33]} Nxe5 {[%clk 0:01:01]} 1/2-1/2

[Event "Russian Women's Higher League 2021"]
[Site "?"]
[Date "2021.06.30"]
[Round "5.8"]
[White "Belenkaya, Dina"]
[Black "Protopopova, Anastasiya"]
[Result "0-1"]
[WhiteElo "2341"]
[BlackElo "2286"]
[Annotator ""]
[Source ""]
[Remark ""]

1.e4 {[%clk 1:30:55]} c6 {[%clk 1:30:44]} 2.d4 {[%clk 1:31:17]}
d5 {[%clk 1:31:02]} 3.e5 {[%clk 1:31:29]} Bf5 {[%clk 1:31:19]}
4.Bd3 {[%clk 1:31:34]} Bxd3 {[%clk 1:30:56]} 5.Qxd3 {[%clk 1:32:01]}
e6 {[%clk 1:29:58]} 6.Ne2 {[%clk 1:31:53]} Qa5+ {[%clk 1:27:18]}
7.Nbc3 {[%clk 1:31:56]} Qa6 {[%clk 1:27:12]} 8.Qh3 {[%clk 1:32:06]}
Nd7 {[%clk 1:25:01]} 9.O-O {[%clk 1:31:02]} Ne7 {[%clk 1:22:04]}
10.a4 {[%clk 1:29:06]} h5 {[%clk 1:15:18]} 11.Bg5 {[%clk 1:23:35]}
h4 {[%clk 1:07:19]} 12.f4 {[%clk 1:18:25]} f6 {[%clk 0:52:26]}
13.Qxe6 {[%clk 1:06:37]} fxg5 {[%clk 0:46:33]} 14.fxg5 {[%clk 1:04:53]}
O-O-O {[%clk 0:40:48]} 15.b4 {[%clk 0:48:46]} Kb8 {[%clk 0:33:08]}
16.a5 {[%clk 0:38:22]} Nc8 {[%clk 0:24:57]} 17.Rab1 {[%clk 0:29:52]}
Be7 {[%clk 0:19:53]} 18.Rf7 {[%clk 0:28:26]} Rhe8 {[%clk 0:19:01]}
19.Qg4 {[%clk 0:26:57]} Qc4 {[%clk 0:16:29]} 20.Qf5 {[%clk 0:15:26]}
g6 {[%clk 0:14:15]} 21.Qxg6 {[%clk 0:03:12]} Rg8 {[%clk 0:07:57]}
22.Qd3 {[%clk 0:01:06]} Qxd3 {[%clk 0:07:39]} 23.cxd3 {[%clk 0:01:35]}
a6 {[%clk 0:07:28]} 24.Nf4 {[%clk 0:01:27]} Nf8 {[%clk 0:07:23]}
25.Nce2 {[%clk 0:01:07]} Bxg5 {[%clk 0:06:56]} 26.Kf2 {[%clk 0:01:17]}
Re8 {[%clk 0:06:04]} 27.g3 {[%clk 0:01:14]} Re7 {[%clk 0:06:08]}
28.Rxe7 {[%clk 0:00:48]} Nxe7 {[%clk 0:06:00]} 29.Kf3 {[%clk 0:01:07]}
hxg3 {[%clk 0:06:02]} 30.hxg3 {[%clk 0:01:24]} Kc7 {[%clk 0:05:42]}
31.Rh1 {[%clk 0:01:45]} Kd7 {[%clk 0:05:02]} 32.Rh5 {[%clk 0:01:16]}
Ne6 {[%clk 0:04:06]} 33.Rh7 {[%clk 0:01:07]} Bxf4 {[%clk 0:02:19]}
34.gxf4 {[%clk 0:01:31]} Rg7 {[%clk 0:02:16]} 35.Rh5 {[%clk 0:01:46]}
Rf7 {[%clk 0:02:36]} 36.Kg4 {[%clk 0:01:52]} Rg7+ {[%clk 0:02:34]}
37.Kf3 {[%clk 0:02:13]} Rf7 {[%clk 0:03:02]} 38.Kg4 {[%clk 0:02:40]}
Ng7 {[%clk 0:02:28]} 39.Rh6 {[%clk 0:00:54]} Nef5 {[%clk 0:01:36]}
40.Rh7 {[%clk 0:30:45]} Ke7 {[%clk 0:31:15]} 41.Rh8 {[%clk 0:27:44]}
Ne3+ {[%clk 0:21:19]} 42.Kf3 {[%clk 0:25:41]} Nc2 {[%clk 0:21:00]}
43.Kg4 {[%clk 0:21:17]} Nxb4 {[%clk 0:15:54]} 44.Rb8 {[%clk 0:14:47]}
Ke6 {[%clk 0:16:11]} 45.f5+ {[%clk 0:13:52]} Rxf5 {[%clk 0:12:18]}
46.Nf4+ {[%clk 0:08:23]} Rxf4+ {[%clk 0:11:54]} 47.Kxf4 {[%clk 0:08:50]}
Nxd3+ {[%clk 0:12:09]} 48.Ke3 {[%clk 0:07:18]} Nb2 {[%clk 0:11:42]}
49.Rxb7 {[%clk 0:04:32]} Nf5+ {[%clk 0:12:08]} 50.Kd2 {[%clk 0:04:22]}
Nc4+ {[%clk 0:12:34]} 51.Kc3 {[%clk 0:04:20]} Nxa5 {[%clk 0:07:00]}
52.Rb6 {[%clk 0:04:29]} Ne7 {[%clk 0:06:49]} 53.Rxa6 {[%clk 0:04:50]}
Nc4 {[%clk 0:07:08]} 54.Kb4 {[%clk 0:02:22]} Nd2 {[%clk 0:07:30]}
55.Ra8 {[%clk 0:01:28]} Ne4 {[%clk 0:07:47]} 56.Re8 {[%clk 0:01:31]}
Kf7 {[%clk 0:07:25]} 57.Rh8 {[%clk 0:00:48]} Nf5 {[%clk 0:07:26]}
58.Ka5 {[%clk 0:00:49]} Ke6 {[%clk 0:06:51]} 59.Re8+ {[%clk 0:00:51]}
Kd7 {[%clk 0:07:13]} 60.Rh8 {[%clk 0:01:06]} Nxd4 {[%clk 0:07:25]}
61.Kb6 {[%clk 0:01:34]} c5 {[%clk 0:07:02]} 62.Ka5 {[%clk 0:00:35]}
c4 {[%clk 0:06:45]} 63.Kb4 {[%clk 0:00:39]} c3 {[%clk 0:06:56]}
64.Ka3 {[%clk 0:00:45]} c2 {[%clk 0:06:01]} 65.Kb2 {[%clk 0:00:51]}
Nf2 {[%clk 0:05:25]} 66.Rh7+ {[%clk 0:01:10]} Ke6 {[%clk 0:05:08]}
67.Rh6+ {[%clk 0:01:36]} Kxe5 {[%clk 0:05:29]} 68.Rh5+ {[%clk 0:01:59]}
Kd6 {[%clk 0:05:38]} 69.Ka2 {[%clk 0:01:08]} c1R {[%clk 0:05:00]} 0-1

[Event "Russian Women's Higher League 2021"]
[Site "?"]
[Date "2021.06.30"]
[Round "5.9"]
[White "Murashova, Ekaterina"]
[Black "Afonasieva, Anna"]
[Result "0-1"]
[WhiteElo "2214"]
[BlackElo "2323"]
[Annotator ""]
[Source ""]
[Remark ""]

1.e4 {[%clk 1:30:57]} c5 {[%clk 1:30:58]} 2.Nc3 {[%clk 1:31:20]}
Nc6 {[%clk 1:31:24]} 3.Nf3 {[%clk 1:31:40]} d6 {[%clk 1:31:40]}
4.d4 {[%clk 1:30:29]} cxd4 {[%clk 1:31:27]} 5.Nxd4 {[%clk 1:30:52]}
Nf6 {[%clk 1:30:16]} 6.f3 {[%clk 1:31:06]} e6 {[%clk 1:26:48]}
7.Be3 {[%clk 1:31:29]} Be7 {[%clk 1:25:16]} 8.Qd2 {[%clk 1:31:43]}
O-O {[%clk 1:24:53]} 9.O-O-O {[%clk 1:29:43]} a6 {[%clk 1:19:50]}
10.g4 {[%clk 1:26:44]} Qc7 {[%clk 1:14:28]} 11.g5 {[%clk 1:21:13]}
Nd7 {[%clk 1:11:58]} 12.h4 {[%clk 1:10:58]} b5 {[%clk 1:08:48]}
13.g6 {[%clk 1:03:55]} Nf6 {[%clk 0:47:24]} 14.h5 {[%clk 0:45:09]}
Nxd4 {[%clk 0:43:42]} 15.Bxd4 {[%clk 0:37:10]} b4 {[%clk 0:43:26]}
16.Ne2 {[%clk 0:37:27]} e5 {[%clk 0:43:09]} 17.h6 {[%clk 0:32:18]}
fxg6 {[%clk 0:41:27]} 18.hxg7 {[%clk 0:30:22]} Rf7 {[%clk 0:41:40]}
19.Be3 {[%clk 0:30:25]} Be6 {[%clk 0:40:38]} 20.Bh3 {[%clk 0:26:17]}
Bxh3 {[%clk 0:34:32]} 21.Rxh3 {[%clk 0:26:40]} Rc8 {[%clk 0:32:39]}
22.Kb1 {[%clk 0:18:20]} Rxg7 {[%clk 0:29:02]} 23.Rc1 {[%clk 0:15:57]}
d5 {[%clk 0:26:12]} 24.Bg5 {[%clk 0:14:44]} dxe4 {[%clk 0:24:09]}
25.Bxf6 {[%clk 0:14:51]} Bxf6 {[%clk 0:24:33]} 26.fxe4 {[%clk 0:15:14]}
a5 {[%clk 0:23:19]} 27.Qd5+ {[%clk 0:13:02]} Rf7 {[%clk 0:22:53]}
28.Rd3 {[%clk 0:10:33]} Bg5 {[%clk 0:20:32]} 29.Rf1 {[%clk 0:08:54]}
Qxc2+ {[%clk 0:20:21]} 30.Ka1 {[%clk 0:09:21]} Bf4 {[%clk 0:20:23]}
31.Qe6 {[%clk 0:05:45]} Qxd3 {[%clk 0:17:56]} 32.Qxc8+ {[%clk 0:06:04]}
Kg7 {[%clk 0:18:20]} 33.Qg4 {[%clk 0:05:30]} Rd7 {[%clk 0:17:33]}
34.Rb1 {[%clk 0:04:08]} h5 {[%clk 0:14:37]} 35.Qe6 {[%clk 0:03:51]}
Qd6 {[%clk 0:14:19]} 36.Qh3 {[%clk 0:03:22]} Rc7 {[%clk 0:14:05]}
37.Rg1 {[%clk 0:02:38]} Kh6 {[%clk 0:13:26]} 38.Nxf4 {[%clk 0:01:57]}
exf4 {[%clk 0:13:37]} 39.Qh4 {[%clk 0:02:24]} Qe5 {[%clk 0:12:37]}
40.Qd8 {[%clk 0:32:47]} Kh7 {[%clk 0:38:28]} 41.Rd1 {[%clk 0:31:44]}
Rf7 {[%clk 0:36:37]} 0-1

[Event "Russian Women's Higher League 2021"]
[Site "?"]
[Date "2021.06.30"]
[Round "5.10"]
[White "Ovod, Evgenija"]
[Black "Nur-Mukhametova, Alisa"]
[Result "1-0"]
[WhiteElo "2322"]
[BlackElo "2233"]
[Annotator ""]
[Source ""]
[Remark ""]

1.e4 {[%clk 1:30:58]} c5 {[%clk 1:30:43]} 2.c3 {[%clk 1:31:20]}
d5 {[%clk 1:30:34]} 3.exd5 {[%clk 1:31:40]} Nf6 {[%clk 1:28:38]}
4.Nf3 {[%clk 1:23:17]} Nxd5 {[%clk 1:29:01]} 5.d4 {[%clk 1:23:43]}
cxd4 {[%clk 1:29:07]} 6.Nxd4 {[%clk 1:21:00]} Nb6 {[%clk 1:15:53]}
7.a4 {[%clk 1:06:11]} e5 {[%clk 1:08:48]} 8.Bb5+ {[%clk 1:05:28]}
Bd7 {[%clk 1:07:00]} 9.Qe2 {[%clk 1:01:01]} Qe7 {[%clk 1:01:51]}
10.Nf3 {[%clk 0:59:09]} a6 {[%clk 0:56:31]} 11.Bd3 {[%clk 0:55:13]}
Nc6 {[%clk 0:55:08]} 12.O-O {[%clk 0:45:43]} f6 {[%clk 0:47:40]}
13.Nh4 {[%clk 0:29:59]} Qf7 {[%clk 0:41:45]} 14.Qc2 {[%clk 0:27:07]}
Qg8 {[%clk 0:32:13]} 15.Nd2 {[%clk 0:20:41]} Be7 {[%clk 0:30:22]}
16.Nf5 {[%clk 0:19:52]} Bxf5 {[%clk 0:28:29]} 17.Bxf5 {[%clk 0:20:08]}
g6 {[%clk 0:26:28]} 18.Bd3 {[%clk 0:18:52]} a5 {[%clk 0:25:59]}
19.Nb3 {[%clk 0:16:00]} f5 {[%clk 0:21:50]} 20.Bb5 {[%clk 0:11:59]}
Qe6 {[%clk 0:16:46]} 21.Re1 {[%clk 0:07:15]} O-O {[%clk 0:15:59]}
22.Bf4 {[%clk 0:05:26]} Nd5 {[%clk 0:04:35]} 23.Bc4 {[%clk 0:04:26]}
Kh8 {[%clk 0:04:41]} 24.Bxd5 {[%clk 0:01:51]} Qxd5 {[%clk 0:04:53]}
25.Rad1 {[%clk 0:02:16]} Qe6 {[%clk 0:04:31]} 26.Nd4 {[%clk 0:01:33]}
Nxd4 {[%clk 0:04:38]} 27.cxd4 {[%clk 0:01:54]} e4 {[%clk 0:04:32]}
28.d5 {[%clk 0:01:43]} Qb6 {[%clk 0:02:40]} 29.d6 {[%clk 0:01:55]}
Bf6 {[%clk 0:02:05]} 30.d7 {[%clk 0:02:21]} Qc6 {[%clk 0:01:17]}
31.Qb3 {[%clk 0:01:45]} g5 {[%clk 0:00:41]} 32.Rd6 {[%clk 0:01:08]}
Qc5 {[%clk 0:00:35]} 33.Rc1 {[%clk 0:00:39]} Qb4 {[%clk 0:00:34]}
34.Qxb4 {[%clk 0:00:57]} axb4 {[%clk 0:01:02]} 35.Rxf6 {[%clk 0:01:18]}
Rxf6 {[%clk 0:01:10]} 36.Rc8+ {[%clk 0:00:59]} Rf8 {[%clk 0:01:20]}
37.Rxf8+ {[%clk 0:01:22]} Rxf8 {[%clk 0:01:46]} 38.Bxg5 {[%clk 0:01:48]}
Kg7 {[%clk 0:01:53]} 39.d8Q {[%clk 0:02:11]} Rxd8 {[%clk 0:02:18]}
40.Bxd8 {[%clk 0:32:39]} 1-0

[Event "Russian Women's Higher League 2021"]
[Site "?"]
[Date "2021.06.30"]
[Round "5.11"]
[White "Mironenko, Galina"]
[Black "Borisova, Ekaterina"]
[Result "0-1"]
[WhiteElo "1952"]
[BlackElo "2304"]
[Annotator ""]
[Source ""]
[Remark ""]

1.e4 {[%clk 1:30:55]} e5 {[%clk 1:30:56]} 2.Nf3 {[%clk 1:31:08]}
Nc6 {[%clk 1:31:21]} 3.Bc4 {[%clk 1:31:27]} Nf6 {[%clk 1:31:46]}
4.Ng5 {[%clk 1:31:51]} d5 {[%clk 1:32:11]} 5.exd5 {[%clk 1:32:16]}
Na5 {[%clk 1:32:38]} 6.Bb5+ {[%clk 1:32:40]} c6 {[%clk 1:33:06]}
7.dxc6 {[%clk 1:33:04]} bxc6 {[%clk 1:33:33]} 8.Bd3 {[%clk 1:33:26]}
Nd5 {[%clk 1:33:55]} 9.Nf3 {[%clk 1:33:49]} Bd6 {[%clk 1:34:22]}
10.O-O {[%clk 1:34:06]} O-O {[%clk 1:34:49]} 11.Re1 {[%clk 1:34:20]}
f5 {[%clk 1:35:14]} 12.Nxe5 {[%clk 1:33:47]} Qf6 {[%clk 1:35:38]}
13.Nf3 {[%clk 1:31:34]} g5 {[%clk 1:35:56]} 14.c4 {[%clk 1:28:43]}
Nf4 {[%clk 1:32:14]} 15.Bf1 {[%clk 1:27:26]} g4 {[%clk 1:32:39]}
16.d4 {[%clk 1:24:45]} gxf3 {[%clk 1:33:03]} 17.Qxf3 {[%clk 1:23:49]}
Ne6 {[%clk 1:32:43]} 18.d5 {[%clk 1:13:25]} Nd4 {[%clk 1:32:54]}
19.Qc3 {[%clk 1:10:44]} Rb8 {[%clk 1:27:45]} 20.Rd1 {[%clk 1:02:49]}
c5 {[%clk 1:21:02]} 21.Rxd4 {[%clk 0:53:03]} Qxd4 {[%clk 1:13:25]}
22.Qxa5 {[%clk 0:52:11]} Rxb2 {[%clk 1:13:46]} 23.Nd2 {[%clk 0:27:33]}
Rxd2 {[%clk 1:00:57]} 24.Qxd2 {[%clk 0:27:42]} Qxa1 {[%clk 1:01:12]}
25.Bb2 {[%clk 0:28:01]} Qb1 {[%clk 1:01:34]} 26.Qg5+ {[%clk 0:26:20]}
Kf7 {[%clk 1:01:54]} 27.Qh5+ {[%clk 0:18:02]} Ke7 {[%clk 1:01:21]}
28.Qxh7+ {[%clk 0:16:30]} Rf7 {[%clk 0:59:45]} 29.Bf6+ {[%clk 0:13:03]}
Kxf6 {[%clk 0:58:43]} 30.Qh8+ {[%clk 0:12:54]} Ke7 {[%clk 0:55:12]}
31.Qxc8 {[%clk 0:13:02]} Qe4 {[%clk 0:55:36]} 32.h4 {[%clk 0:10:28]}
Qe5 {[%clk 0:51:43]} 33.Bd3 {[%clk 0:03:37]} Rf8 {[%clk 0:45:55]}
34.Qb7+ {[%clk 0:03:24]} Kd8 {[%clk 0:45:29]} 35.Qa8+ {[%clk 0:01:28]}
Bb8 {[%clk 0:45:49]} 36.g3 {[%clk 0:00:33]} f4 {[%clk 0:45:44]}
37.d6 {[%clk 0:00:34]} Qxd6 {[%clk 0:45:54]} 38.Kg2 {[%clk 0:00:31]}
fxg3 {[%clk 0:45:21]} 39.f3 {[%clk 0:00:56]} Kc7 {[%clk 0:41:39]}
40.Qe4 {[%clk 0:31:17]} Rd8 {[%clk 1:12:00]} 41.Be2 {[%clk 0:31:13]}
Qd4 {[%clk 1:11:47]} 42.Qxd4 {[%clk 0:29:19]} cxd4 {[%clk 1:11:56]}
43.Kxg3 {[%clk 0:29:27]} d3 {[%clk 1:12:20]} 44.Bd1 {[%clk 0:29:53]}
Kc6+ {[%clk 1:12:39]} 45.Kg4 {[%clk 0:30:16]} Rd4+ {[%clk 1:12:42]}
46.Kg5 {[%clk 0:30:38]} Bf4+ {[%clk 1:13:07]} 47.Kg6 {[%clk 0:30:54]}
d2 {[%clk 1:13:29]} 48.h5 {[%clk 0:31:20]} Kc5 {[%clk 1:13:49]}
49.Kg7 {[%clk 0:31:24]} Rxc4 {[%clk 1:14:09]} 50.h6 {[%clk 0:31:42]}
Rc1 {[%clk 1:14:31]} 51.Bb3 {[%clk 0:31:25]} d1Q {[%clk 1:14:52]}
52.Bxd1 {[%clk 0:31:52]} Rxd1 {[%clk 1:15:16]} 53.h7 {[%clk 0:32:18]}
Be5+ {[%clk 1:15:42]} 54.Kg8 {[%clk 0:32:41]} Rf1 {[%clk 1:16:04]}
55.f4 {[%clk 0:33:03]} Rxf4 {[%clk 1:16:26]} 56.h8Q {[%clk 0:33:26]}
Bxh8 {[%clk 1:16:50]} 57.Kxh8 {[%clk 0:33:52]} Ra4 {[%clk 1:17:17]} 0-1

[Event "Russian Women's Higher League 2021"]
[Site "?"]
[Date "2021.06.30"]
[Round "5.12"]
[White "Kovalevskaya, Ekaterina"]
[Black "Yakimova, Mariya"]
[Result "1-0"]
[WhiteElo "2382"]
[BlackElo "2200"]
[Annotator ""]
[Source ""]
[Remark ""]

1.e4 {[%clk 1:30:56]} c5 {[%clk 1:30:28]} 2.Nf3 {[%clk 1:31:19]}
Nc6 {[%clk 1:30:54]} 3.Bb5 {[%clk 1:31:24]} d6 {[%clk 1:31:10]}
4.O-O {[%clk 1:31:21]} Bd7 {[%clk 1:31:34]} 5.Re1 {[%clk 1:31:41]}
Nf6 {[%clk 1:31:33]} 6.c3 {[%clk 1:31:08]} a6 {[%clk 1:31:19]}
7.Bf1 {[%clk 1:31:31]} Bg4 {[%clk 1:31:28]} 8.d4 {[%clk 1:28:52]}
Bxf3 {[%clk 1:31:37]} 9.gxf3 {[%clk 1:29:16]} g5 {[%clk 1:31:49]}
10.Kh1 {[%clk 1:28:43]} h6 {[%clk 1:31:52]} 11.Be3 {[%clk 1:26:28]}
Nh5 {[%clk 1:31:34]} 12.dxc5 {[%clk 1:18:38]} e6 {[%clk 1:31:56]}
13.a4 {[%clk 1:06:18]} dxc5 {[%clk 1:22:28]} 14.Qxd8+ {[%clk 0:58:57]}
Kxd8 {[%clk 1:22:53]} 15.Nd2 {[%clk 0:52:10]} Ne5 {[%clk 1:09:29]}
16.Nb3 {[%clk 0:44:47]} Nd7 {[%clk 1:08:32]} 17.Red1 {[%clk 0:37:57]}
Kc7 {[%clk 1:08:34]} 18.Na5 {[%clk 0:37:54]} b6 {[%clk 0:58:14]}
19.Nc4 {[%clk 0:37:49]} Rd8 {[%clk 0:55:07]} 20.Rxd7+ {[%clk 0:23:44]}
Rxd7 {[%clk 0:48:49]} 21.Ne5 {[%clk 0:24:06]} Re7 {[%clk 0:30:09]}
22.Bxa6 {[%clk 0:17:20]} Nf6 {[%clk 0:25:32]} 23.Bb5 {[%clk 0:11:04]}
Ne8 {[%clk 0:14:52]} 24.a5 {[%clk 0:08:32]} Nd6 {[%clk 0:14:55]}
25.Be2 {[%clk 0:05:02]} Bg7 {[%clk 0:05:46]} 26.axb6+ {[%clk 0:05:22]}
Kxb6 {[%clk 0:06:06]} 27.Ra6+ {[%clk 0:05:00]} Kb7 {[%clk 0:04:34]}
28.Nc6 {[%clk 0:04:32]} Rd7 {[%clk 0:04:58]} 29.Na5+ {[%clk 0:03:29]}
Kb8 {[%clk 0:04:09]} 30.Bxc5 {[%clk 0:02:39]} Nc8 {[%clk 0:04:28]}
31.Nc6+ {[%clk 0:01:04]} Kb7 {[%clk 0:03:44]} 32.Na5+ {[%clk 0:01:08]}
Kb8 {[%clk 0:04:11]} 33.Nc6+ {[%clk 0:00:40]} Kb7 {[%clk 0:04:36]}
34.Nd4 {[%clk 0:00:47]} Rhd8 {[%clk 0:03:37]} 35.Ra3 {[%clk 0:00:59]}
Rc7 {[%clk 0:02:54]} 36.Rb3+ {[%clk 0:00:40]} Ka8 {[%clk 0:03:14]}
37.Ra3+ {[%clk 0:00:49]} Kb7 {[%clk 0:03:43]} 38.Ba6+ {[%clk 0:00:48]}
Kb8 {[%clk 0:04:01]} 39.Rb3+ {[%clk 0:00:55]} Ka8 {[%clk 0:04:23]}
40.Nc6 {[%clk 0:30:47]} Rd1+ {[%clk 0:30:39]} 41.Kg2 {[%clk 0:31:01]}
Rxc6 {[%clk 0:31:02]} 42.Bb7+ {[%clk 0:31:22]} Kb8 {[%clk 0:31:29]}
43.Bxc6+ {[%clk 0:31:41]} 1-0